The age of aquarius; (Record no. 49423)

MARC details
000 -LEADER
campo de control de longitud fija 00704cam a2200241 4500
001 - NÚMERO DE CONTROL
campo de control 33005
005 - FECHA Y HORA DE LA ÚLTIMA TRANSACCIÓN
campo de control 20230410115849.0
008 - DATOS DE LONGITUD FIJA--INFORMACIÓN GENERAL
campo de control de longitud fija 700427s1971 nyu 001 0 eng
035 ## - NÚMERO DE CONTROL DEL SISTEMA
-- (DLC) 70101069
035 ## - NÚMERO DE CONTROL DEL SISTEMA
Número de control de sistema 1708977
020 ## - NÚMERO INTERNACIONAL ESTÁNDAR DEL LIBRO
Número Internacional Estándar del Libro 671780719
010 ## - NÚMERO DE CONTROL DE LA BIBLIOTECA DEL CONGRESO
Número de control de LC 70101069
040 ## - FUENTE DE CATALOGACIÓN
Centro catalogador/agencia de origen DLC
Centro/agencia transcriptor DLC
Centro/agencia modificador DLC
-- OCoLC
050 14 - SIGNATURA TOPOGRÁFICA DE LA BIBLIOTECA DEL CONGRESO
Número de clasificación HN 59
Número de ítem B798a 1971
082 00 - NÚMERO DE LA CLASIFICACIÓN DECIMAL DEWEY
Número de clasificación 309.1/73
100 1# - ENTRADA PRINCIPAL--NOMBRE DE PERSONA
Nombre de persona Braden, William.
245 14 - MENCIÓN DEL TÍTULO
Título The age of aquarius;
Resto del título technology and the cultural revolution /
Mención de responsabilidad, etc. William Braden.
260 ## - PUBLICACIÓN, DISTRIBUCIÓN, ETC.
Lugar de publicación, distribución, etc. New York :
Nombre del editor, distribuidor, etc. Pocket Book,
Fecha de publicación, distribución, etc. 1971.
300 ## - DESCRIPCIÓN FÍSICA
Extensión 290 p.
Dimensiones 22 cm.
651 #0 - PUNTO DE ACCESO ADICIONAL DE MATERIA--NOMBRE GEOGRÁFICO
Nombre geográfico United States
Subdivisión general Social conditions
Subdivisión cronológica 1960-1980.
651 #0 - PUNTO DE ACCESO ADICIONAL DE MATERIA--NOMBRE GEOGRÁFICO
Nombre geográfico United States
Subdivisión general Civilization
Subdivisión cronológica 1945-
942 ## - ELEMENTOS DE ENTRADA SECUNDARIOS (KOHA)
Fuente del sistema de clasificación o colocación Clasificación de Library of Congress
Tipo de ítem Koha
Holdings
Estatus retirado Estado de pérdida Fuente del sistema de clasificación o colocación Estado de daño No para préstamo Colección Biblioteca de origen Biblioteca actual Ubicación en estantería Fecha de adquisición Serial enumeration / chronology Signatura topográfica completa Código de barras Visto por última vez Copia número Tipo de ítem Koha
    Clasificación de Library of Congress     Ciencias Sociales Biblioteca Juan Bosch Biblioteca Juan Bosch Ciencias Sociales (3er. Piso) 10/04/2023 1 HN 59 B798a 1971 00000029860 24/10/2018 1